01603cam a2200301 a 450000100090000000300050000900500170001400800410003101000170007202000380008904000180012704200080014504300120015305000240016508200230018910000390021224500900025125000120034126000410035330000410039450505350043561000600097065000440103065000490107494200280112399900190115195201310117017485336NUST20221230183903.0121005s2013 fluab b 001 0 eng  a 2012039335 a9781466510906 (hbk. : alk. paper) aDLCcDLCdDLC apcc an-us---00aHV6432.4b.N46 201300a363.340973,NEM2231 aNemeth, Charles P.,d1951-910654610aHomeland security :ban introduction to principles and practice /cCharles P. Nemeth. a2nd ed. aBoca Raton, FL :bCRC Press,cc2013. axxiv, 628 p. :bill., maps ;c26 cm. aThe Idea and Origin of Homeland Security (Page-1), Terror, Threat, and Disaster Post-9/11: New Paradigm of Homeland Security (Page-29), Homeland security Law, Regulation, and Budgeting (Page-73), Risk Management, Threats, and Hazards (Page-139), DHS Challenges: National vs. State and Local, National security vs. Homeland security (Page-251), FEMA, Response, and Recovery (Page-297), Intelligence (Page-331), Border Security (Page-403), Homeland Security and Public Health (Page-469), The Future of Homeland Security (page-515).10aUnited States.bDepartment of Homeland Security.925172 0aNational securityzUnited States.97976 0aTerrorismzUnited StatesxPrevention.914606 2ddccBKk363.340973,NEM c592882d592882 00102ddc4070aMCSbMCScGENd2022-12-30l0o363.340973,NEMpMCS37542r2022-12-30w2022-12-30yBKzAlmirah No.54, Shelf No.1